[Event "RUS-Cup2"]
[Site "Moscow"]
[Date "1996.??.??"]
[Round "6"]
[White "Fedorov, Alexei"]
[Black "Fedorov, Vladislav"]
[Result "1-0"]
[WhiteElo "2555"]
[BlackElo "2430"]
[Annotator "Chekhov,V"]
[PlyCount "93"]
[EventDate "1996.11.28"]
[EventType "swiss"]
[EventRounds "9"]
[EventCountry "RUS"]
[SourceTitle "CBM 056 Extra"]
[Source "ChessBase"]
[SourceDate "1997.03.01"]
[SourceVersion "1"]
[SourceVersionDate "1997.03.01"]
[SourceQuality "1"]

1. e4 d6 2. d4 Nf6 3. Bd3 e5 4. c3 d5 5. dxe5 Nxe4 6. Nf3 Nc6 7. Nbd2 Nc5 8.
Bb5 (8. Nb3 Bg4 9. O-O Qd7 10. Re1 O-O-O 11. Nxc5 Bxc5 12. b4 Bb6 13. a4 a5 14.
b5 Ne7 15. Be3 Bxe3 16. Rxe3 Kb8 $132 {Yusupov,A-Adams,M/Hastings/1989/0,5/24/}
) (8. Bc2 Bg4 9. O-O Be7 10. Qe1 O-O 11. Nd4 f6 12. h3 Bd7 13. Nxc6 Bxc6 14. b4
Ne4 15. Nxe4 $16 {Adams,M-Beaumont,C/Great Britain/1988/0|1/88/}) (8. Bb1 $5 g6
9. O-O Bg7 10. Nb3 Nxb3 11. Bg5 Qd7 12. axb3 O-O 13. Re1 Re8 14. Bf4 $14 {
Smagin,S-Ivanov,V/Moscow/1995/1|0/34/}) 8... Be7 $5 {N/} (8... Bd7 9. Qe2 a6 (
9... Ne6 10. Nb3 Be7 11. Be3 a6 12. Bd3 $14 {Fedorov,A-Gubanov,A/St-Petersburg/
1994/0,5/64/}) 10. Bxc6 Bxc6 11. Nd4 Bd7 12. O-O Ne6 13. Rd1 c5 14. Nxe6 Bxe6
15. c4 d4 $10 {Fedorov,A-Korotylev,A/St-Petersburg/1994/0,5/27/}) 9. Nb3 Nxb3
10. axb3 O-O 11. h3 Nb8 $5 12. Bd3 (12. b4 $5) 12... c5 13. Qc2 h6 14. Bf4 Qb6
15. O-O Nc6 16. Rfe1 Rd8 17. Nh2 $6 (17. Nd2 $5) 17... Na5 $1 18. Ra3 c4 19.
Bh7+ Kh8 20. b4 Nb3 21. Bf5 d4 $6 (21... Bxf5 $1 22. Qxf5 Qe6 23. Qxe6 (23. Qc2
a5 $17) 23... fxe6 $17) 22. Be4 $1 Be6 (22... d3 23. Bxd3 $6 (23. Qd1 Be6 24.
Qh5 $13) 23... Rxd3 24. Rxb3 Bf5 25. Ra3 Qg6 $17) 23. Qe2 d3 24. Qh5 Bf8 25.
Ng4 Bxg4 26. hxg4 Kg8 27. Be3 $6 (27. g5 $5 g6 28. Qf3 hxg5 29. Bxg5 Rd7 30.
Bd5 $16) 27... Qb5 28. f4 a5 29. g5 Ra6 30. gxh6 Rxh6 31. Qg5 axb4 $6 (31...
Rd7 $22 32. e6 Qxg5 33. fxg5 (33. exf7+ Kxf7 34. fxg5 Re6 35. Bf5 Rxe3 36. Rxe3
d2 37. Bc2 axb4 $19) 33... Rxe6 34. Bf5 Rxe3 $19) 32. Rxb3 Rd7 33. Rxb4 Bxb4
34. cxb4 Qxb4 35. Qg3 Qxb2 36. f5 $16 d2 37. Rd1 Qb3 (37... Ra6 38. f6 g6 39.
Bxg6 fxg6 40. Qxg6+ Kh8 41. Qe8+ $18) 38. Qf3 Ra6 (38... Rh4 39. Rxd2 Rxd2 40.
Bxd2 Rxe4 41. Qxe4 c3 42. Be3 Qd1+ 43. Kf2 c2 44. Qf4 $18) 39. Rxd2 Rxd2 40.
Bxd2 Qxf3 41. gxf3 b5 42. Bd5 (42. Kf2 $5) 42... Ra1+ 43. Kf2 Ra2 44. Ke1 Ra3
45. e6 c3 (45... fxe6 46. fxe6 Kf8 47. Bg5 $18) 46. exf7+ Kf8 47. Be3 1-0

[Event "RUS-ch U20"]
[Site "Ekaterinburg"]
[Date "1996.??.??"]
[Round "3"]
[White "Malakhov, Vladimir"]
[Black "Gelman, Alexander"]
[Result "1-0"]
[WhiteElo "2535"]
[BlackElo "2390"]
[Annotator "Chekhov,V"]
[PlyCount "73"]
[EventDate "1996.??.??"]
[EventType "tourn"]
[EventRounds "11"]
[EventCountry "RUS"]
[EventCategory "8"]
[SourceTitle "CBM 054"]
[Source "ChessBase"]
[SourceDate "1996.10.01"]
[SourceVersion "1"]
[SourceVersionDate "1996.10.01"]
[SourceQuality "1"]

1. d4 d6 2. e4 Nf6 3. Nc3 e5 4. dxe5 dxe5 5. Qxd8+ Kxd8 6. Bg5 (6. Bc4 Ke7 $5 (
6... Be6 $5)) 6... Be6 7. g3 Bb4 $6 {N/} (7... Kc8 $5 8. Bxf6 gxf6 9. Nd5 Nd7
10. Bh3 c6 11. Ne3 Kc7 12. Bxe6 fxe6 13. Ne2 Bc5 14. Nc4 b5 15. Nd2 a5 $15 {
Rozentalis,E-Gavrikov,V/Suhr/1991/0,5/29/}) (7... h6 $6 8. O-O-O+ Kc8 9. Bxf6
gxf6 10. f4 c6 11. fxe5 fxe5 12. Bh3 Bxh3 13. Nxh3 Be7 14. Rhf1 f6 15. Ng1 $16
{Kengis,E-Leutke,J/Biel/1990/1|0/49/}) (7... Nbd7 $5 8. f4 h6 9. Bxf6+ Nxf6 10.
Nf3 exf4 11. gxf4 g6 12. O-O-O+ Kc8 $132 {Radu,E-Shumiakina,T/Timisoara/1994/0,
5/60/}) 8. O-O-O+ Nbd7 9. Bxf6+ (9. Nd5 $5) 9... gxf6 10. Nd5 Bd6 (10... Bxd5
11. Rxd5 c6 12. Rd1 Kc7 13. Bh3 Rad8 14. Nf3 Bc5 15. Rhf1 Nf8 16. Nh4 $14) 11.
Bh3 c6 $6 (11... Bxd5 12. Rxd5 Ke7 13. Nf3 Nb6 14. Rd3 Rhd8 15. Nh4 Kf8 16.
Rhd1 Be7 $14) 12. Bxe6 fxe6 13. Nxf6 Nxf6 14. Rxd6+ Ke7 15. Rd2 $1 Raf8 (15...
Nxe4 16. Re2 Nf6 17. Rxe5 $16) 16. f3 $16 h5 17. h4 Rhg8 (17... Nd7 $5 18. Rd3
Rh7 19. Ne2 Rhf7 20. Rf1 Nc5 21. Re3 $16) 18. Ne2 Nd7 19. Rhd1 $1 Nb6 (19...
Nc5 20. b4 $1 $18) 20. Rd3 Rg7 21. b3 Rgf7 22. f4 Kf6 (22... exf4 23. Nxf4 $18)
23. a4 a5 24. Rd6 Nc8 25. Rd7 Nb6 26. Rxf7+ Rxf7 27. Rd8 exf4 28. gxf4 (28.
Nxf4 Ke5 29. Re8 (29. Nxh5 $5 Kxe4 30. g4 $16) 29... Kxe4 30. Rxe6+ Kf5) 28...
Nd7 29. Rh8 Kg6 30. Rg8+ Rg7 (30... Kf6 31. Ng3 Rh7 32. Rg5 $18) (30... Kh6 31.
e5 Nc5 32. Kd2 $18) 31. Rxg7+ Kxg7 32. Kd2 e5 33. Ke3 b5 34. axb5 cxb5 35. Nc3
a4 36. bxa4 b4 37. Nd5 1-0

[Event "Vladivostok"]
[Site "Vladivostok"]
[Date "1994.??.??"]
[Round "4"]
[White "Graf, Alexander"]
[Black "Chekhov, Valery A"]
[Result "1-0"]
[WhiteElo "2575"]
[BlackElo "2490"]
[Annotator "Chekhov,V"]
[PlyCount "61"]
[EventDate "1994.??.??"]
[EventType "swiss"]
[EventRounds "9"]
[EventCountry "RUS"]
[SourceTitle "CBM 043 Extra"]
[Source "ChessBase"]
[SourceDate "1995.01.01"]
[SourceVersion "1"]
[SourceVersionDate "1995.01.01"]
[SourceQuality "1"]

1. d4 d6 2. e4 Nf6 3. Nc3 c6 4. f4 Qa5 5. Bd3 e5 6. dxe5 (6. Nf3 $5 Bg4 7. Be3
(7. Bd2 exd4 8. Nd5 Qd8 9. Nxf6+ Qxf6 10. O-O Nd7 11. Qe1 Bxf3 12. Rxf3 O-O-O
$13 {Kotronias,V-Adams,M/Chalkidiki/1993/}) 7... Nbd7 (7... exf4 8. Bxf4 Qb6 9.
Ne2 $1 $16 {Shirov,A-Rivas Pastor,M/1992/1:0/24/}) (7... exd4 8. Bxd4 Qb4 9.
Be2 $1 $16 {Glek,I-Pribyl,J/BRD/1:0/30/}) 8. Qd2 Bxf3 9. gxf3 Nh5 {Chevaller,
E-Krasenkov,M/ESP/1992/0:1/34; 10.0-0-0+/- Krasenkov}) 6... dxe5 7. Nf3 Nbd7 $6
(7... Bg4 $5) 8. O-O Be7 9. Kh1 exf4 (9... O-O 10. f5 $36) 10. Bxf4 Ng4 (10...
O-O $5) 11. e5 $1 Ngxe5 12. Nxe5 Nxe5 13. Qh5 Nc4 $8 14. Qe2 Nxb2 (14... Nb6
15. Bd6 Be6 16. Rf5 Nd5 17. Nxd5 cxd5 18. Bb5+ Kf8 19. Qxe6 $18) 15. Bd6 $1 Qd8
(15... Be6 16. Rxf7 $1 Kxf7 17. Re1 $18) 16. Nb5 $1 cxb5 (16... Nxd3 17. Nc7+
Kd7 (17... Kf8 18. Bg3) 18. Bg3 $1 $40) 17. Bxb5+ Kf8 (17... Bd7 18. Rae1 $18)
18. Qh5 (18. Qxe7+ Qxe7 19. Rae1 Be6 20. Rxe6 Qxd6 21. Rxd6 a6 22. Be2 Re8 23.
Bf3 Nc4 24. Rd7 Ne5 25. Rxb7 Nxf3 26. gxf3 g6 $10) 18... g6 (18... Be6 19.
Rxf7+ $1 Bxf7 20. Rf1) (18... f6 $5 19. Rae1 Be6 20. Rxe6 Bxd6 21. Rfe1 g6 22.
Qd5 Be5 23. R6xe5 $1 Qxd5 24. Rxd5 a6 25. Bf1 $16) 19. Qe5 Rg8 20. Bc7 $1 Qd2
21. Rae1 Qb4 22. Qd5 Bf5 23. Rxe7 $1 Kxe7 24. a3 Qxa3 25. Qe5+ Be6 26. Qf6+ Kf8
27. Qxe6 Rg7 28. Qf6 Kg8 29. Bd6 Qe3 30. Be5 Qh6 31. g4 1-0

[Event "Biel"]
[Site "Biel"]
[Date "1989.??.??"]
[Round "?"]
[White "Polugaevsky, Lev"]
[Black "Miles, Anthony John"]
[Result "1-0"]
[WhiteElo "2595"]
[BlackElo "2580"]
[Annotator "ChessBase"]
[PlyCount "96"]
[EventDate "1989.07.??"]
[EventType "tourn"]
[EventRounds "14"]
[EventCountry "SUI"]
[EventCategory "14"]
[SourceTitle "CBM 014"]
[Source "ChessBase"]
[SourceDate "1990.02.01"]
[SourceVersion "1"]
[SourceVersionDate "1990.02.01"]
[SourceQuality "1"]

1. d4 d6 2. e4 Nf6 3. Nc3 g6 4. g3 b6 $6 (4... Bg7 {normal} 5. Bg2 O-O 6. Nge2
e5 $10) 5. Bg2 Bb7 6. Nge2 c5 7. O-O cxd4 {7...Na6!?} 8. Nxd4 Qc8 $2 {>= 8...
Nbd7} 9. Nd5 $1 $16 Bg7 10. Bg5 Nbd7 11. c4 $1 $16 h6 12. Be3 a6 13. Rc1 Rb8 {
>= 13...e6} 14. b4 Kf8 15. Nb3 Qd8 16. Re1 $1 {/\ 17.c5 +-} Kg8 17. c5 dxc5 18.
bxc5 Nxc5 19. Nxc5 bxc5 20. Bxc5 Nxd5 21. exd5 Bf6 22. Rb1 $1 $18 Qd7 (22...
Rc8 23. Bxe7 Bxe7 24. Rxb7 Bd6 25. Qd4 $1 (25. Qa4 $18) 25... Rc7 26. Rxc7 Bxc7
) 23. d6 Kg7 24. dxe7 Qxd1 25. Rexd1 Bxg2 26. Rxb8 Rxb8 27. Kxg2 h5 28. h4 g5
29. hxg5 Bxg5 30. Rd7 Re8 31. f4 Bf6 32. Kf3 Kg6 33. Ke4 h4 34. gxh4 Bxh4 35.
f5+ Kh6 36. Ke5 Kg7 37. Ra7 Rc8 38. Kd6 Bxe7+ 39. Rxe7 Kf6 40. Bd4+ Kxf5 41.
Rxf7+ Ke4 42. Bc5 Kd3 43. a4 a5 44. Ra7 Kc4 45. Rxa5 Rg8 46. Kc6 Rg5 47. Rb5
Rg2 48. Rb4+ Kd3 1-0

[Event "Ciocaltea Memorial"]
[Site "Bucharest"]
[Date "1998.??.??"]
[Round "10"]
[White "Yegiazarian, Arsen"]
[Black "Istratescu, Andrei"]
[Result "1/2-1/2"]
[WhiteElo "2455"]
[BlackElo "2575"]
[Annotator "ChessBase"]
[PlyCount "108"]
[EventDate "1998.02.??"]
[EventType "tourn"]
[EventRounds "13"]
[EventCountry "ROU"]
[EventCategory "11"]
[SourceTitle "CBM 064"]
[Source "ChessBase"]
[SourceDate "1998.06.02"]
[SourceVersion "1"]
[SourceVersionDate "1998.06.02"]
[SourceQuality "1"]

1. d4 g6 2. e4 Bg7 3. Nf3 d6 4. c3 Nf6 5. Bd3 O-O 6. O-O c5 7. h3 Qc7 8. Re1
Rd8 9. Nbd2 b6 10. a4 a6 11. Nc4 Bb7 12. d5 Nbd7 13. Bf4 b5 14. axb5 axb5 15.
Rxa8 Rxa8 16. Na3 b4 17. Nc4 Nb6 18. Nxb6 Qxb6 19. Qb3 Nd7 20. Rb1 Bc8 21. Be3
Qa5 22. cxb4 Qxb4 23. Qxb4 cxb4 24. b3 Bc3 25. Bd4 Bxd4 26. Nxd4 Nc5 27. Rd1
Bd7 28. f3 e5 29. dxe6 Bxe6 30. Nxe6 fxe6 31. Bc4 Rd8 32. Ra1 Kf7 33. Ra5 Rd7
34. e5 Ke7 35. exd6+ Kxd6 36. Kf2 e5 37. Ke3 Kc6 38. h4 Rb7 39. Ke2 Kd6 40. g4
Kc6 41. Ke3 Kd6 42. g5 h6 43. h5 (43. gxh6 $142 Rh7 44. Rb5 Rxh6 45. Rxb4 $16)
43... gxh5 44. g6 h4 45. Ra8 Rg7 46. Bf7 h3 47. Rh8 Nxb3 48. Rxh6 Nd4 49. Rxh3
b3 50. Rh8 Nc6 51. Kd3 b2 52. Kc2 Nd4+ 53. Kxb2 Ke7 54. Rh3 Nf5 1/2-1/2

[Event "Preston"]
[Site "Preston"]
[Date "1989.??.??"]
[Round "?"]
[White "Hodgson, Julian M"]
[Black "Wolff, Patrick G"]
[Result "0-1"]
[WhiteElo "2545"]
[BlackElo "2485"]
[Annotator "ChessBase"]
[PlyCount "46"]
[EventDate "1989.??.??"]
[EventType "tourn"]
[EventRounds "9"]
[EventCountry "ENG"]
[EventCategory "10"]
[SourceTitle "CBM 014"]
[Source "ChessBase"]
[SourceDate "1990.02.01"]
[SourceVersion "1"]
[SourceVersionDate "1990.02.01"]
[SourceQuality "1"]

1. d4 g6 2. e4 d6 3. c3 Nf6 4. Bd3 e5 5. f4 exd4 6. cxd4 Bg7 7. Nf3 c5 $6 8.
dxc5 Qa5+ 9. Nc3 Qxc5 10. e5 $5 {10.Qe2} dxe5 11. fxe5 Ng4 12. Ne4 Qb6 13. Nd6+
Kf8 14. Qe2 (14. Rf1 $5 Be6 {14...Nc6} 15. Qe2 Nxe5 $2 16. Nxe5 Qxd6 17. Nxf7
$1 Bxf7 18. Bc4 Bf6 19. Bh6+ Kg8 20. Qe8+ $18) 14... Nc6 15. Nc4 $2 (15. Rf1 $1
Ngxe5 $2 16. Nxe5 Nxe5 17. Rxf7+ Kg8 18. Bc4 $18) 15... Qc5 16. b3 Be6 $1 17.
Ba3 Nb4 18. Ng5 Nxe5 $1 19. Nxe6+ fxe6 20. Nxe5 Bxe5 21. Qf2+ Kg7 $1 22. Bc4 {
>= 22.Rd1} Qxf2+ 23. Kxf2 Nc2 0-1

[Event "Madrid"]
[Site "Madrid"]
[Date "1995.??.??"]
[Round "5"]
[White "Timman, Jan H"]
[Black "Polgar, Judit"]
[Result "0-1"]
[WhiteElo "2635"]
[BlackElo "2630"]
[Annotator "ChessBase"]
[PlyCount "60"]
[EventDate "1995.05.??"]
[EventType "tourn"]
[EventRounds "9"]
[EventCountry "ESP"]
[EventCategory "16"]
[SourceTitle "CBM 047"]
[Source "ChessBase"]
[SourceDate "1995.08.01"]
[SourceVersion "1"]
[SourceVersionDate "1995.08.01"]
[SourceQuality "1"]

1. d4 Nf6 2. Nf3 g6 3. g3 Bg7 4. Bg2 O-O 5. O-O d6 6. Nc3 Nbd7 7. e4 e5 8. h3
c6 9. Re1 b5 10. dxe5 dxe5 11. Qd6 Bb7 12. Bg5 Re8 13. Rad1 Qb6 14. Be3 Qa5 15.
a3 Rad8 16. Nd2 Bf8 17. Nb3 Qa6 18. Qd3 Bc8 19. Rd2 Qb7 20. Red1 Nb6 21. Qe2
Rxd2 22. Nxd2 Be6 23. f4 Bg7 24. Qf2 Qc8 25. Kh2 exf4 26. gxf4 Qc7 27. Bxb6
axb6 28. e5 Nh5 29. Nde4 Nxf4 30. Nd6 Bxe5 (30... Bxe5 31. Nxe8 Nxh3+ $19) 0-1

[Event "Haninge"]
[Site "Haninge"]
[Date "1989.??.??"]
[Round "?"]
[White "Van der Wiel, John"]
[Black "Ftacnik, Lubomir"]
[Result "1/2-1/2"]
[WhiteElo "2560"]
[BlackElo "2550"]
[Annotator "ChessBase"]
[PlyCount "73"]
[EventDate "1989.??.??"]
[EventType "tourn"]
[EventRounds "11"]
[EventCountry "SWE"]
[EventCategory "13"]
[SourceTitle "CBM 013"]
[Source "ChessBase"]
[SourceDate "1989.12.01"]
[SourceVersion "1"]
[SourceVersionDate "1989.12.01"]
[SourceQuality "1"]

1. e4 d6 2. d4 Nf6 3. Nc3 g6 4. Bg5 c6 5. Qd2 Bg7 6. Bh6 Bxh6 7. Qxh6 Qa5 8.
Bd3 Na6 $6 (8... Nbd7 9. Nf3 b6 10. O-O Bb7 11. Rfe1 Qh5 12. Qd2 c5 $132 {
Le Blancq-Mc Nab, Bath (zt) 1987}) 9. Nge2 $5 (9. Nf3 Bg4 10. Ng5 Nc7 11. h3
Be6 12. O-O Ng8 13. Qh4 h6 14. d5 Bd7 $13 {Van der Wiel-Van Wijgerden,
Hilversum ch-NL 1986}) 9... Nb4 (9... Nc7 $5 10. O-O Qh5 11. Qe3 $36) 10. O-O
Qh5 (10... Nxd3 11. cxd3 Qh5 12. Qe3) (10... Be6 $5 $14) 11. Qd2 (11. Qf4 O-O
12. Ng3 Qg4 13. Qh6 e5 14. f3 Qe6) (11. Qe3 c5 $5 {/\ c4} (11... O-O 12. h3 (
12. f4 $2 Qxh2+ $1) 12... c5 $1 $132) 12. Nf4 $1 $36) 11... Nxd3 (11... O-O 12.
Ng3 Qh4 13. Be2 Ng4 14. h3 Nxf2 $5 15. Kxf2 (15. Qe3 Nxh3+ 16. gxh3 Nxc2 $17)
15... f5 16. exf5 gxf5 17. a3 Na6 18. Bxa6 bxa6 19. Kf3 f4 $13) 12. cxd3 (12.
Qxd3 O-O (12... Bd7 $5 13. f4 O-O-O) 13. f4 d5 14. e5 Bf5 15. Qd2 Nd7 16. Ng3
Qg4 17. Rf3 $40) 12... O-O 13. f4 Qh6 $2 (13... d5 $5 14. f5 gxf5 15. Ng3 Qh4
16. Nxf5 Bxf5 17. Rxf5 dxe4 18. Rf4 e3 $1) 14. h3 (14. Rad1 Bg4) 14... d5 (
14... e5 15. dxe5 dxe5 16. Rad1 $16) 15. Qe3 dxe4 16. dxe4 b6 (16... Be6 17. b3
(17. g4 Qh4 18. Qg3 (18. b3 h5 19. g5 Nh7 20. Kg2 f6 $132) 18... Qxg3+ 19. Nxg3
$16 {() _|_})) 17. e5 $6 (17. Rf2 Ba6 18. Ng3 Nh5 (18... e6 19. e5 Nd5 20. Qd2
f5 21. exf6 Nxf6 22. Re1 $16) 19. Nxh5 Qxh5 20. f5 Rad8 $14) (17. g4 Qh4 18.
Qg3 (18. f5 h5 19. e5 Nh7 $13) 18... Qxg3+ 19. Nxg3 h5 $5 20. g5 h4 21. Nge2
Nh5 $132) (17. d5 Bb7 (17... cxd5 18. e5 Ne8 19. Nxd5) 18. dxc6 Bxc6 $14) 17...
Nd5 18. Nxd5 (18. Qf3 Ba6) (18. Qd3 a5 19. Ne4 Ba6 20. Qd2 Bxe2 21. Qxe2 Nxf4
22. Qe3 g5 23. Nxg5 Ne6) 18... cxd5 19. Qa3 Qh4 $1 (19... e6 20. Nc3 Bd7 21.
Qe7 Rfd8 22. Rf2 Qf8 23. Qh4 Rdc8 24. Nd1 $22 Rc4 $2 25. Ne3 $1 Rxd4 26. Ng4
$18) 20. Rac1 (20. Rfc1 a5 $1 21. Rc7 Ba6) 20... Bd7 (20... Bf5 21. g4 Be4 (
21... Bd7 22. Qg3 Qxg3+ 23. Nxg3 Rac8 24. f5 $16) 22. Qg3 $1 Qxg3+ (22... Qh6
$5) 23. Nxg3 Rac8 24. Nxe4 dxe4 25. Kf2 f5 26. exf6 exf6 27. f5 $1 $16 {
Van der Wiel}) (20... a5 $1 $10 21. Nc3 e6 22. Qd6 Qd8 23. Qxd8 Rxd8 24. Na4
Ba6 25. Rf2 Bb5 $1 26. Nxb6 $2 Rab8 27. a4 Be8 $19) 21. Rf2 $1 (21. Rc7 Bb5 22.
Qf3 Rfc8) 21... Rfc8 (21... Bb5 22. Nc3 Bc6 23. Nd1 Rfc8 24. Ne3 $40) 22. Rxc8+
(22. Nc3 e6 23. Qd6 Qd8 {/\ Rc6}) 22... Bxc8 23. Nc3 Be6 (23... Bb7 24. Qa4 (
24. Nd1 {/\ Ne3 ->}) 24... e6 25. Qd7 Ba6) (23... Bxh3 $2 24. Nxd5 $16) 24. Qa6
Qg3 25. Qb7 Rc8 26. Qxa7 (26. f5 Bxf5 27. Rxf5 Rxc3 28. bxc3 (28. Qb8+ Kg7 29.
Rxf7+ $2 Kxf7 30. e6+ Kg7 31. Qxg3 Rxg3) 28... gxf5 29. Qxe7 f4 $10) (26. Qxe7
Bxh3 27. Qxa7 (27. Qg5 Qxg5 28. fxg5 Be6 $10) 27... Bxg2 28. Rxg2 (28. Ne2 $2
Rc1+ 29. Nxc1 Bh3+ 30. Kh1 Qxf2 $19) 28... Qe1+ 29. Kh2 Qh4+ $10) 26... Bxh3
27. Ne2 (27. Qxe7 Be6 (27... Bxg2 28. Qg5 $1 Qxg5 29. fxg5 Be4 30. Re2 $16) 28.
Qb4 h5 (28... Qe3 29. Qxb6 Rc4 $132) 29. Qxb6 h4 $132) 27... Qd3 $1 (27... Qg4
$2 28. Qa3 $1 $18) 28. gxh3 Rc2 29. Qxe7 (29. e6 Qd1+ 30. Kg2 Rxe2 $10) (29.
Qxb6 Qd1+ 30. Kg2 Rxe2 $10) (29. Qa8+ Kg7 30. Qxd5 Rxe2 31. Qf3 Re1+ 32. Kg2
Qxd4 $15) 29... Rxe2 30. Rxe2 Qxe2 31. Qd8+ Kg7 32. Qxd5 Qe1+ 33. Kg2 Qe2+ 34.
Kg3 Qe1+ 35. Kg2 (35. Kh2 Qf2+ 36. Qg2 Qxf4+) 35... Qe2+ 36. Kg1 Qe1+ 37. Kg2
1/2-1/2

[Event "GER-ch"]
[Site "Bad Neuenahr"]
[Date "1991.??.??"]
[Round "8"]
[White "Schmittdiel, Eckhard"]
[Black "Lau, Ralf"]
[Result "0-1"]
[WhiteElo "2485"]
[BlackElo "2485"]
[Annotator "ChessBase"]
[PlyCount "98"]
[EventDate "1991.06.??"]
[EventType "tourn"]
[EventRounds "15"]
[EventCountry "GER"]
[EventCategory "7"]
[SourceTitle "CBM 024"]
[Source "ChessBase"]
[SourceDate "1991.10.01"]
[SourceVersion "1"]
[SourceVersionDate "1991.10.01"]
[SourceQuality "1"]

1. e4 d6 2. d4 Nf6 3. Nc3 g6 4. Bg5 Bg7 5. Qd2 h6 6. Bh4 c6 7. f4 O-O 8. Bd3 b5
9. Nf3 b4 10. Ne2 Qb6 11. h3 Re8 12. e5 Nd5 13. Bf2 Ba6 14. e6 fxe6 15. Nh4 Nd7
16. Nxg6 Bxd3 17. Qxd3 Qb5 18. Qe4 Nc7 19. Bh4 Nf6 20. Bxf6 Bxf6 21. O-O-O Qd5
22. Qd3 Qxa2 23. g4 b3 24. g5 bxc2 25. Qxc2 hxg5 26. Rhg1 Rab8 27. fxg5 Bg7 28.
Qb1 Qc4+ 29. Qc2 Qxc2+ 30. Kxc2 Nd5 31. Rb1 Rb4 32. Rge1 Reb8 33. Nc3 Kf7 34.
Nh4 Rxd4 35. g6+ Ke8 36. Nxd5 cxd5 37. Nf3 Rc4+ (37... Rc8+ $1 38. Kb3 Rd3+)
38. Kd1 Kd7 39. Ng5 e5 40. Rf1 Bf6 41. Nh7 Ke6 42. Ra1 Rbc8 43. g7 Bxg7 44.
Ng5+ Kd7 45. Rxa7+ R8c7 46. Rxc7+ Rxc7 47. h4 Rc4 48. Rf7 Bf6 49. Rh7 e4 0-1

[Event "Montreal International"]
[Site "Montreal"]
[Date "1979.04.12"]
[Round "2"]
[White "Karpov, Anatoly"]
[Black "Timman, Jan H"]
[Result "1-0"]
[WhiteElo "2705"]
[BlackElo "2625"]
[Annotator "ChessBase"]
[PlyCount "75"]
[EventDate "1979.04.11"]
[EventType "tourn"]
[EventRounds "18"]
[EventCountry "CAN"]
[EventCategory "15"]
[SourceTitle "MCL"]
[Source "ChessBase"]
[SourceDate "1999.07.01"]
[SourceVersion "1"]
[SourceVersionDate "1999.07.01"]
[SourceQuality "1"]

1. e4 $14 d6 2. d4 Nf6 3. Nc3 g6 4. g3 Bg7 5. Bg2 O-O 6. Nge2 e5 7. O-O Na6 8.
Re1 c6 9. h3 Re8 10. Bg5 h6 (10... Qb6 11. Rb1 exd4 12. Nxd4 Nc5 13. b4 Ncxe4
14. Bxe4 $1 Nxe4 15. Nxe4 Bxd4 16. Nf6+) (10... exd4 11. Nxd4 h6 12. Bf4 g5 13.
Bc1 $14) 11. Be3 Qc7 (11... exd4 12. Bxd4 (12. Nxd4 $2 Nc5 13. Bf4 Nh5) 12...
Nc5 13. e5 $1 Nh7 14. exd6 Qxd6 15. b4 (15. Bxg7 Qxd1 16. Raxd1 Kxg7 17. b4 Na6
18. b5 $16) 15... Na6 16. b5 cxb5 17. Nxb5 $16) (11... Kh7 12. Qd2 exd4 13.
Bxd4 (13. Nxd4 Nc5 14. f3 d5 $1 15. Nxc6 Ncxe4 16. fxe4 (16. Nxd8 Nxd2 17. Nxf7
Rxe3 $1 18. Rxe3 d4) 16... bxc6 $15) 13... Nc5 14. e5 $2 dxe5 15. Bxc5 Qxd2)
12. Qd2 Kh7 13. Rad1 Bd7 14. g4 Rad8 15. Ng3 Bc8 16. f4 b5 17. a3 b4 18. axb4
Nxb4 19. Nce2 exd4 (19... c5 20. fxe5 dxe5 (20... cxd4 21. exf6 dxe3 22. Qxb4)
21. d5) 20. Nxd4 a5 21. c3 Na6 22. Qc2 $1 Bd7 {>= Na6-c5} (22... Nc5 23. b4 $1)
23. Nf3 Re7 24. Bf2 $14 Be8 25. Qd3 $1 Qb7 (25... Nb8 26. e5 $1 Nd5 27. exd6
Rxe1+ 28. Nxe1 Qxd6 29. c4 $18) 26. Ra1 $1 Nc7 (26... Qxb2 $2 27. Reb1) 27.
Rxa5 Rdd7 28. b4 Ne6 29. Be3 (29. Qd2 d5 $5 30. e5 Ne4 31. Nxe4 dxe4 32. Nd4 c5
) 29... c5 30. f5 Nd8 31. b5 {/\c4} Kh8 32. Bf2 Qc7 33. Ra4 Qb8 34. c4 $18 Ra7
35. Rxa7 Rxa7 36. e5 dxe5 37. Nxe5 Ra2 38. Bxc5 1-0

[Event "Gelsenkirchen"]
[Site "Gelsenkirchen"]
[Date "1991.??.??"]
[Round "?"]
[White "Blasek, Ralph"]
[Black "Costa, Jean Luc"]
[Result "0-1"]
[WhiteElo "2330"]
[BlackElo "2405"]
[Annotator "ChessBase"]
[PlyCount "60"]
[EventDate "1991.05.??"]
[EventType "tourn"]
[EventRounds "11"]
[EventCountry "GER"]
[EventCategory "8"]
[SourceTitle "CBM 025"]
[Source "ChessBase"]
[SourceDate "1991.12.01"]
[SourceVersion "1"]
[SourceVersionDate "1991.12.01"]
[SourceQuality "1"]

1. e4 d6 2. d4 Nf6 3. f3 c5 4. dxc5 Qa5+ 5. Nc3 Qxc5 6. Qd3 a6 7. Be3 Qa5 8.
Nge2 g6 9. Bd2 Qc7 10. Nd5 Nxd5 11. exd5 Bg7 12. Bc3 Bf5 13. Qd2 Bxc3 14. Nxc3
Nd7 15. g4 Ne5 16. Be2 Bd7 17. h4 Rc8 18. h5 f5 19. f4 Nxg4 20. Bxg4 $6 (20.
hxg6 $1 h5 21. Bxg4 fxg4 $16) 20... fxg4 21. hxg6 Bf5 22. gxh7 Bxh7 23. Rh4 Qd7
24. O-O-O Qf5 25. Qf2 Rf8 26. Rd2 Rf7 27. Qg1 Rg7 28. Qg3 b5 29. a3 Rc4 30. Rf2
a5 $138 0-1

[Event "Cacak"]
[Site "Cacak"]
[Date "1996.??.??"]
[Round "7"]
[White "Leko, Peter"]
[Black "Strikovic, Aleksa"]
[Result "1-0"]
[WhiteElo "2630"]
[BlackElo "2550"]
[Annotator "ChessBase"]
[PlyCount "53"]
[EventDate "1996.11.??"]
[EventType "tourn"]
[EventRounds "9"]
[EventCountry "YUG"]
[EventCategory "13"]
[SourceTitle "CBM 057"]
[Source "ChessBase"]
[SourceDate "1997.04.01"]
[SourceVersion "1"]
[SourceVersionDate "1997.04.01"]
[SourceQuality "1"]

1. e4 g6 2. d4 Bg7 3. Nf3 d6 4. c3 Nf6 5. Bd3 O-O 6. O-O c5 7. h3 cxd4 8. cxd4
Nbd7 $6 (8... d5 $142 {0-1 Neuschl,Z-Zontek,S/Horni Becva op 1993 (27)}) 9. Nc3
e5 10. Be3 a6 11. a4 exd4 12. Bxd4 Re8 13. Bc4 Nxe4 14. Bxg7 Kxg7 15. Nxe4 Rxe4
16. Bxf7 Qf6 17. Bd5 Rb4 18. Re1 Nb6 19. Rc1 Bd7 20. Rc7 Kh8 21. Bxb7 Rd8 22.
a5 Nc4 23. Qd5 Nxb2 24. Bc6 Bxc6 25. Qxc6 Rf8 26. Qd7 Rh4 27. Re6 1-0

[Event "URS-ch FL55"]
[Site "Lvov"]
[Date "1987.11.15"]
[Round "8"]
[White "Janjgava, Lasha"]
[Black "Gurevich, Mikhail"]
[Result "1/2-1/2"]
[WhiteElo "2410"]
[BlackElo "2515"]
[Annotator "ChessBase"]
[PlyCount "82"]
[EventDate "1987.11.??"]
[EventType "tourn"]
[EventRounds "17"]
[EventCountry "URS"]
[EventCategory "10"]
[SourceTitle "EXT 2018"]
[Source "ChessBase"]
[SourceDate "2017.10.13"]
[SourceVersion "1"]
[SourceVersionDate "2017.10.13"]
[SourceQuality "1"]

1. e4 d6 2. d4 Nf6 3. Nc3 g6 4. g3 Bg7 5. Bg2 O-O 6. Nge2 e5 7. h3 c6 8. Be3 b5
9. O-O Bb7 $5 10. a3 Nbd7 11. Qd2 Re8 12. Rfe1 a6 {/\ ed4, c5} 13. d5 cxd5 14.
exd5 Nb6 15. b3 Qc7 $132 16. Nc1 $6 {/\ Na2-b4-c6} (16. g4 {>=} Rac8 17. Rac1 {
/\ Kh2, f4}) 16... e4 $1 17. Bxb6 $8 Qxb6 18. N1a2 Re5 19. Rad1 Rae8 20. Qd4
Qc7 21. Nb4 (21. Nxe4 $2 Nxe4 22. Bxe4 f5 $19) 21... Nd7 $1 22. Qd2 $5 e3 $1
$17 (22... f5 23. Nc6 Bxc6 24. dxc6 Qxc6 25. Qxd6 Qxc3 26. Qxd7 $10) 23. fxe3
Bh6 24. Kh2 Bxe3 25. Qd3 Bh6 $1 26. Ne2 $8 (26. Rxe5 Nxe5 27. Qd4 Be3 $1 28.
Qxe3 Ng4+ $19) 26... Nc5 27. Qf3 Re3 28. Qf2 Qe7 29. Nc6 $5 Bxc6 30. dxc6 a5 $2
(30... Ne4 $1 31. Qf1 Qe5 32. c7 (32. Bxe4 Qxe4 $17) 32... Nxg3 33. Nxg3 Qxg3+
34. Kh1 Rxe1 $19) 31. c7 $1 Qxc7 32. Nc3 Nd3 33. Rxd3 $1 Rxe1 34. Nd5 Qd8 $2 (
34... Qc5 35. Nf6+ Kh8 36. Qxc5 dxc5 37. Nxe8 Rxe8 $15) 35. Nf6+ Kg7 36. Nxe8+
Qxe8 37. Rxd6 Qe3 38. Qxe3 $10 Bxe3 39. h4 h5 40. Rd5 Bf2 41. Bf3 Re3 1/2-1/2